[Event "Niederrhein-ch"]
[Site "Niederrhein"]
[Date "2006.04.09"]
[Round "3.5"]
[White "Dickhaus, Thorsten"]
[Black "Lemanczyk, Thomas"]
[Result "0-1"]
[WhiteElo "1937"]
[BlackElo "2267"]
[PlyCount "68"]
[EventDate "2006.04.07"]
[EventType "swiss"]
[EventRounds "9"]
[EventCountry "GER"]
[SourceTitle "CBM 111 Extra"]
[Source "ChessBase"]
[SourceDate "2006.05.09"]
[SourceVersion "1"]
[SourceVersionDate "2006.05.09"]
[SourceQuality "1"]

1. e4 e6 2. d4 d5 3. Nc3 Nf6 4. e5 Nfd7 5. f4 c5 6. Nf3 a6 7. Be3 Qb6 8. Qd2 Qxb2 9. Rb1 Qa3 10. Bd3 Nc6 11. 0-0 cxd4 12. Nxd4 Nxd4 13. Bxd4 Bc5 14. Bxc5 Qxc5+ 15. Kh1 g6 16. a4 Qa5 17. Rf2 0-0 18. g4 f6 19. f5 Nxe5 20. fxg6 hxg6 21. Qh6 Qc7 22. h3 Qh7 23. Qxh7+ Kxh7 24. a5 Nc6 25. h4 Nxa5 26. h5 Bd7 27. Bxg6+ Kg7 28. Re1 Nc4 29. Bd3 Ne5 30. h6+ Kh8 31. Be2 Kh7 32. Rh2 Rg8 33. Rf1 Raf8 34. Rh4 Rg6 0-1